| 000 | 00000nas##2200000za#4500 |
|---|---|
| 001 | 9.509297 |
| 003 | CaOODSP |
| 005 | 20241127112906 |
| 007 | ta |
| 008 | 150406c1991||||xxc|| m #||||f| |0fre|d |
| 022 | |a0410-7926 |
| 040 | |aCaOODSP|bfre |
| 041 | |aeng |
| 041 | |afre |
| 043 | |an-cn--- |
| 086 | 1 |aEn57-23 |
| 110 | 1 |aCanada. |bService de l'environnement atmosphérique. |
| 245 | 10|aCLI / |cPublié par le Programme climatologique canadien. |
| 260 | |aDownsview - Ontario : |bEnvironnement Canada. |
| 546 | |aBilingue |
| 563 | |aCouverture souple |
| 791 | |tCLI / |eeng|w(CaOODSP)9.509296 |